000 00319nam a22001337a 4500
008 181107b xxu||||| |||| 00| 0 eng d
020 _a9781118451564
041 _aeng
080 _a316
100 _a50
101 _aSOC
245 _aEnvironment And Society Acritical Introduction
_cRobbins.P
942 _2udc
_cBK
999 _c52075
_d52075